000 00661nam a2200193 i 4500
001 45856
003 ES-MaACL
005 20251011063103.0
007 t|
008 030327s1900 it ||||1| ita d
100 1 _aColajanni, Napoleone,
_d1847-1921
_939543
245 1 0 _aNel regno della mafia (dai Borboni ai Sabaudi) /
_cNapoleone Colajanni.
260 _aRoma :
_bRevista Popolar,
_c1900.
300 _a105 p. ;
_c19 cm.
490 1 _aBiblioteca della Rivista Popolare ;
_v7
830 0 _aBiblioteca della Rivista Popolare ;
_v7
_9229958
852 _aES-MaACL
_jT-989-F-7
_zAnot. ms: "donativo del .. sr. Lucchexi"
999 _c45856
_d45856